Calvin and Hobbes Characters by Picture - Statistics

General Stats
  • This quiz has been taken 41 times
  • The average score is 10 of 12
Answer Stats
Picture Answer % Correct
Calvin
100%
Hobbes
100%
Dad
97%
Mom
97%
Susie Derkins
91%
Spaceman Spiff
85%
Miss Wormwood
79%
Moe
79%
Principal Spittle
65%
Rosalyn
65%
Stupendous Man
65%
Doctor
59%
No matching quizzes found
Score Distribution
Percent of People with Each Score
Percentile by Number Answered
Your Score History
You have not taken this quiz